| 000 | 00378nam a2200133 a 4500 | ||
|---|---|---|---|
| 005 | 20141022142009.0 | ||
| 008 | 120229s19uu xx 00 eng d | ||
| 050 |
_aCD-ROM _bS712 2010 |
||
| 100 | _aSophastienphong, Kiatchai | ||
| 245 |
_aGetting finance in Asia / _cKiatchai Sophastienphong, Anoma Kulathunga. |
||
| 260 | _c2010. | ||
| 700 | _aKulathunga, Anoma | ||
| 942 | _cAVM | ||
| 999 |
_c276655 _d276655 |
||